zpět

Detail výsledku týmu

Hospoda Vesnice, Velký Týnec

Datum a čas kvízu

29.5 Celkem bodů Celkový počet nahraných bodů na tomto kvízu bez doplňovacích otázek.
5. Pořadí na kvízu Konečné umístění týmu na tomto kvízu.

Zaznamenané odpovědi

# Otázka Odpověď Body Výsledky
1. V Česku je od Nového roku jako... psilocybin 0
2. Ve které zemi byl minulý týden... v Číně 0
3. Minulý týden jsme se dozvěděli... Francie 1
4. Který ostrovní stát zavedl jak... Island 1
5. Co se zoufale snažil najít na... vylomený zub 1
6. Mezi nejúspěšnější sourozence... 2000; 2012 0.5
7. Pouhých 65 setin sekundy od me... Petr; Martin 0.5
8. Opomenout v tomto tématu nesmí... 7,5 km; 6 km 0
9. Nyní bude vaším úkolem uhodnou... v plavání 1
10. Na závěr se podíváme na bratrs... B) Maďarsko 0